Enquêtes sur l'identité de la nation France (notice n° 1552909)
[ vue normale ]
| 000 -LEADER | |
|---|---|
| fixed length control field | 02163cam a2200277zu 4500 |
| 003 - CONTROL NUMBER IDENTIFIER | |
| control field | FRCYB41001276 |
| 005 - DATE AND TIME OF LATEST TRANSACTION | |
| control field | 20251020123049.0 |
| 008 - FIXED-LENGTH DATA ELEMENTS--GENERAL INFORMATION | |
| fixed length control field | 251020s2005 fr | o|||||0|0|||fre d |
| 020 ## - INTERNATIONAL STANDARD BOOK NUMBER | |
| International Standard Book Number | 9782876734265 |
| 035 ## - SYSTEM CONTROL NUMBER | |
| System control number | FRCYB41001276 |
| 040 ## - CATALOGING SOURCE | |
| Original cataloging agency | FR-PaCSA |
| Language of cataloging | fr |
| Transcribing agency | |
| Description conventions | rda |
| 100 1# - MAIN ENTRY--PERSONAL NAME | |
| Personal name | Yardeni, Myriam |
| 245 01 - TITLE STATEMENT | |
| Title | Enquêtes sur l'identité de la nation France |
| Statement of responsibility, etc. | ['Yardeni, Myriam'] |
| 264 #1 - PRODUCTION, PUBLICATION, DISTRIBUTION, MANUFACTURE, AND COPYRIGHT NOTICE | |
| Name of producer, publisher, distributor, manufacturer | Editions Champ Vallon |
| Date of production, publication, distribution, manufacture, or copyright notice | 2005 |
| 300 ## - PHYSICAL DESCRIPTION | |
| Extent | p. |
| 336 ## - CONTENT TYPE | |
| Content type code | txt |
| Source | rdacontent |
| 337 ## - MEDIA TYPE | |
| Media type code | c |
| Source | rdamdedia |
| 338 ## - CARRIER TYPE | |
| Carrier type code | c |
| Source | rdacarrier |
| 520 ## - SUMMARY, ETC. | |
| Summary, etc. | Témoignage de l’œuvre d’une vie, ce volume réunit vingt-sept articles écrits en quarante ans par la grande historienne. Avec pour fil d’ariane l’élucidation de ce qui fonde l’identité de la «nation France» : le sentiment national et la conscience historique.Myriam Yardeni démontre que les croyances et les représentations sont des forces agissantes, aussi puissantes que l’économie ou les rapports sociaux. Elle soutient que l’individu assume son identité par son appartenance à un groupe ou à une communauté : village, ville, patrie, royaume, religion, Église, langue, culture...Individus, groupes et communautés entretiennent souvent des relations conflictuelles : dans chaque crise, notamment au temps des guerres de religion (1562-1598), l’individu doit forger sa propre hiérarchie de valeurs, de fidélités, de loyautés et d’appartenance.Cette identité au travail se construit par la médiation d’une mémoire souvent mythifiée qui joue un rôle moteur dans la prise de conscience historique. Les études ici réunies ont précisément pour point commun d’élucider la fonction assumée par la connaissance historique dans la formation et la cristallisation des identités et des consciences, qu’il s’agisse de conscience de la nation, de la conscience de la religion, de conscience sociale, de la conscience de soi... |
| 650 #0 - SUBJECT ADDED ENTRY--TOPICAL TERM | |
| Topical term or geographic name entry element | |
| 700 0# - ADDED ENTRY--PERSONAL NAME | |
| Personal name | Yardeni, Myriam |
| 856 40 - ELECTRONIC LOCATION AND ACCESS | |
| Access method | Cyberlibris |
| Uniform Resource Identifier | <a href="https://international.scholarvox.com/netsen/book/41001276">https://international.scholarvox.com/netsen/book/41001276</a> |
| Electronic format type | text/html |
| Host name | |
Pas d'exemplaire disponible.




Réseaux sociaux